[Event "TOP 16 - Final A"]
[Site "TOP16-Final-A"]
[Date "2021.01.16"]
[Round "1"]
[White "Yvesandre2"]
[Black "Harut-1998"]
[Result "0-1"]
[WhiteElo "2304"]
[BlackElo "2172"]
[Annotator "NA RC"]
[PlyCount "90"]
[EventDate "2021.01.16"]
[EventType "blitz"]
[BlackTeam "Nice Alekhine "]

{- Haroutyun , Barseghyan (2471)} 1. e4 {[%emt 0:00:14]} e6 {[%emt 0:00:06]} 2. d4 {[%emt 0:00:01]} d5 {[%emt 0:00:02]} 3. Nc3 {[%emt 0:00:01]} Bb4 {[%emt 0:00:02]} 4. e5 {[%emt 0:00:01]} Ne7 {[%emt 0:00:03]} 5. a3 {[%emt 0:00:11]} Bxc3+ {[%emt 0:00:03]} 6. bxc3 {[%emt 0:00:00]} c5 {[%emt 0:00:01]} 7. h4 {[%emt 0:00:01]} Qc7 {[%emt 0:00:19]} 8. h5 {[%emt 0:00:04]} h6 {[%emt 0:00:02]} 9. Rb1 {[%emt 0:00:19]} b6 {[%emt 0:00:14]} 10. Bb5+ {[%emt 0:00:16]} Bd7 {[%emt 0:00:03]} 11. Bd3 {[%emt 0:00:01]} c4 {[%emt 0:00:29]} 12. Bf1 {[%emt 0:00:18]} Ba4 {[%emt 0:00:05]} 13. g4 {[%emt 0:00:13]} Nbc6 {[%emt 0:00:06]} 14. f4 {[%emt 0:00:02]} O-O-O {[%emt 0:00:07]} 15. Bh3 {[%emt 0:00:01]} f5 {[%emt 0:00:50]} 16. Be3 {[%emt 0:01:54]} Rdf8 {[%emt 0:00:07]} 17. Nf3 {[%emt 0:00:11]} fxg4 {[%emt 0:00:07]} 18. Bxg4 {[%emt 0:00:01]} Nf5 {[%emt 0:00:00]} 19. Bf2 {[%emt 0:00:01]} Qf7 {[%emt 0:00:22]} 20. Qe2 {[%emt 0:00:36]} Kb7 {[%emt 0:00:26]} 21. Kd2 {[%emt 0:00:04]} Nd6 {[%emt 0:01:13]} 22. exd6 {[%emt 0:01:10]} Qxf4+ {[%emt 0:00:03]} 23. Be3 {[%emt 0:00:01]} Qxg4 {[%emt 0:00:02]} 24. Rbf1 {[%emt 0:00:02]} Qe4 {[%emt 0:00:19]} 25. Kc1 {[%emt 0:00:02]} Bxc2 {[%emt 0:00:21]} 26. Nd2 {[%emt 0:00:22]} Qd3 {[%emt 0:00:10]} 27. Qxd3 {[%emt 0:00:02]} Bxd3 {[%emt 0:00:00]} 28. Rfg1 {[%emt 0:00:18]} Rf7 {[%emt 0:00:08]} 29. Rg3 {[%emt 0:00:01]} Rd8 {[%emt 0:00:21]} 30. Rhg1 {[%emt 0:00:05]} Rdd7 {[%emt 0:00:01]} 31. Nf3 {[%emt 0:00:02]} Be2 {[%emt 0:00:21]} 32. Ne5 {[%emt 0:00:43]} Nxe5 {[%emt 0:00:02]} 33. dxe5 {[%emt 0:00:00]} Bxh5 {[%emt 0:00:01]} 34. Kd2 {[%emt 0:00:13]} Kc6 {[%emt 0:00:04]} 35. Bd4 {[%emt 0:00:17]} g6 {[%emt 0:00:18]} 36. Rxg6 {[%emt 0:00:28]} Bxg6 {[%emt 0:00:03]} 37. Rxg6 {[%emt 0:00:00]} h5 {[%emt 0:00:26]} 38. Rxe6 {[%emt 0:00:05]} h4 {[%emt 0:00:05]} 39. Re8 {[%emt 0:00:17]} Rh7 {[%emt 0:00:06]} 40. Rc8+ {[%emt 0:00:14]} Kb7 {[%emt 0:00:05]} 41. Rg8 {[%emt 0:00:01]} h3 {[%emt 0:00:05]} 42. Rg1 {[%emt 0:00:01]} h2 {[%emt 0:00:03]} 43. Rh1 {[%emt 0:00:01]} Kc6 {[%emt 0:00:12]} 44. Be3 {[%emt 0:00:06]} Rdg7 {[%emt 0:00:04]} 45. Bf4 {[%emt 0:00:01]} Rg1 {[%emt 0:00:10] Yvesandre2 abandonne (Lag: Av=0.58s, max=1.0s)} 0-1

[Event "TOP 16 - Final A"]
[Site "TOP16-Final-A"]
[Date "2021.01.16"]
[Round "1"]
[White "Bagheri amir"]
[Black "jncool68"]
[Result "1-0"]
[WhiteElo "2085"]
[BlackElo "2350"]
[Annotator "NA RC"]
[PlyCount "105"]
[EventDate "2021.01.16"]
[EventType "blitz"]
[WhiteTeam "monaco"]

{Bagheri, Amir} 1. d4 {[%emt 0:00:04]} Nf6 {[%emt 0:00:03]} 2. Nf3 {[%emt 0:00:02]} e6 {[%emt 0:00:01]} 3. Bf4 {[%emt 0:00:03]} d5 {[%emt 0:00:01]} 4. e3 {[%emt 0:00:03]} Bd6 {[%emt 0:00:01]} 5. Bxd6 {[%emt 0:00:32] jncool68 reconnected.} Qxd6 {[%emt 0:00:11]} 6. c4 {[%emt 0:00:03]} Qb4+ {[%emt 0:00:04]} 7. Qd2 {[%emt 0:00:07]} Qxd2+ {[%emt 0:00:01]} 8. Nbxd2 {[%emt 0:00:08]} Nbd7 {[%emt 0:00:14]} 9. Rc1 {[%emt 0:00:08]} c6 {[%emt 0:00:01]} 10. Bd3 {[%emt 0:00:08]} Ke7 {[%emt 0:00:14]} 11. Ke2 {[%emt 0:00:03]} Rd8 {[%emt 0:00:02]} 12. Rc2 {[%emt 0:00:25]} b6 {[%emt 0:00:01]} 13. cxd5 {[%emt 0:00:06]} cxd5 {[%emt 0:00:00]} 14. Ne5 {[%emt 0:00:49] jncool68 reconnected.} Nxe5 {[%emt 0:00:28]} 15. dxe5 {[%emt 0:00:03]} Ne8 {[%emt 0:00:10]} 16. Bb5 {[%emt 0:00:49]} Bd7 {[%emt 0:00:20]} 17. Bd3 {[%emt 0:00:15]} h6 {[%emt 0:00:10]} 18. f4 {[%emt 0:00:04]} Rdc8 {[%emt 0:00:27]} 19. Rhc1 {[%emt 0:00:11] jncool68 reconnected.} Rxc2 {[%emt 0:00:22]} 20. Rxc2 {[%emt 0:00:02]} Rc8 {[%emt 0:00:01]} 21. Nf3 {[%emt 0:00:09]} Rxc2+ {[%emt 0:00:02]} 22. Bxc2 {[%emt 0:00:02]} Nc7 {[%emt 0:00:12]} 23. h4 {[%emt 0:00:07]} Bb5+ {[%emt 0:00:17]} 24. Kd2 {[%emt 0:00:02]} f6 {[%emt 0:00:05]} 25. a4 {[%emt 0:00:34]} Bf1 {[%emt 0:00:02]} 26. g3 {[%emt 0:00:01]} Bg2 {[%emt 0:00:03]} 27. Nd4 {[%emt 0:00:04]} Kd7 {[%emt 0:00:11]} 28. Bd3 {[%emt 0:00:11]} a6 {[%emt 0:00:11]} 29. b4 {[%emt 0:00:08]} fxe5 {[%emt 0:00:05]} 30. fxe5 {[%emt 0:00:02]} Be4 {[%emt 0:00:07]} 31. Be2 {[%emt 0:00:04]} g6 {[%emt 0:00:28]} 32. Kc3 {[%emt 0:00:03]} h5 {[%emt 0:00:08]} 33. Bf1 {[%emt 0:00:08]} Bf5 {[%emt 0:00:03]} 34. Ne2 {[%emt 0:00:08]} b5 {[%emt 0:00:18]} 35. a5 {[%emt 0:00:16]} Ne8 {[%emt 0:00:02]} 36. Nd4 {[%emt 0:00:18]} Ng7 {[%emt 0:00:02]} 37. Nb3 {[%emt 0:00:02]} Bg4 {[%emt 0:00:08]} 38. Nc5+ {[%emt 0:00:02]} Kc6 {[%emt 0:00:00]} 39. Nxa6 {[%emt 0:00:03]} Nf5 {[%emt 0:00:01]} 40. Nc5 {[%emt 0:00:13] jncool68 reconnected.} Nxg3 {[%emt 0:00:31]} 41. a6 {[%emt 0:00:04]} Kb6 {[%emt 0:00:01]} 42. Bxb5 {[%emt 0:00:01]} Nf5 {[%emt 0:00:09]} 43. Bd3 {[%emt 0:00:05]} Nxe3 {[%emt 0:00:01]} 44. Nd7+ {[%emt 0:00:14]} Ka7 {[%emt 0:00:01]} 45. b5 {[%emt 0:00:04]} d4+ {[%emt 0:00:01]} 46. Kxd4 {[%emt 0:00:03]} Nd5 {[%emt 0:00:01]} 47. Bxg6 {[%emt 0:00:10]} Be2 {[%emt 0:00:03]} 48. Bd3 {[%emt 0:00:06]} Bf3 {[%emt 0:00:01]} 49. b6+ {[%emt 0:00:05]} Nxb6 {[%emt 0:00:01]} 50. Nxb6 {[%emt 0:00:01]} Kxb6 {[%emt 0:00:00]} 51. Ke3 {[%emt 0:00:01]} Bc6 {[%emt 0:00:10]} 52. Kf4 {[%emt 0:00:02]} Kc5 {[%emt 0:00:00]} 53. Be4 {[%emt 0:00:16] jncool68 abandonne} 1-0

[Event "TOP 16 - Final A"]
[Site "TOP16-Final-A"]
[Date "2021.01.16"]
[Round "1"]
[White "Tander"]
[Black "Tigran1984"]
[Result "1/2-1/2"]
[WhiteElo "2001"]
[BlackElo "2839"]
[Annotator "NA RC"]
[PlyCount "61"]
[EventDate "2021.01.16"]
[EventType "blitz"]

1. e4 {[%emt 0:00:05]} c6 {[%emt 0:00:02]} 2. d4 {[%emt 0:00:02]} d5 {[%emt 0:00:01]} 3. Nd2 {[%emt 0:00:01]} dxe4 {[%emt 0:00:01]} 4. Nxe4 {[%emt 0:00:00]} Nf6 {[%emt 0:00:00]} 5. Nxf6+ {[%emt 0:00:01]} exf6 {[%emt 0:00:00]} 6. c3 {[%emt 0:00:02]} Bd6 {[%emt 0:00:01]} 7. Bd3 {[%emt 0:00:01]} O-O {[%emt 0:00:01]} 8. Qc2 {[%emt 0:00:01]} Re8+ {[%emt 0:00:01]} 9. Ne2 {[%emt 0:00:01]} h5 {[%emt 0:00:01]} 10. Be3 {[%emt 0:00:02]} Nd7 {[%emt 0:00:10]} 11. O-O-O {[%emt 0:00:14]} b5 {[%emt 0:00:01]} 12. Ng3 {[%emt 0:00:24]} Nb6 {[%emt 0:00:11]} 13. Nxh5 {[%emt 0:00:33]} Nd5 {[%emt 0:00:02]} 14. Rde1 {[%emt 0:01:30]} Qa5 {[%emt 0:00:02]} 15. Kb1 {[%emt 0:00:55]} b4 {[%emt 0:00:03]} 16. Bf4 {[%emt 0:02:35]} Rxe1+ {[%emt 0:01:05]} 17. Rxe1 {[%emt 0:00:00]} Be7 {[%emt 0:00:02]} 18. Bd6 {[%emt 0:00:13]} bxc3 {[%emt 0:00:21]} 19. Bxe7 {[%emt 0:00:11]} cxb2 {[%emt 0:00:01]} 20. Bb4 {[%emt 0:00:23]} Qd8 {[%emt 0:00:01]} 21. Bd2 {[%emt 0:00:07]} Be6 {[%emt 0:00:08]} 22. Nf4 {[%emt 0:00:10]} Nxf4 {[%emt 0:00:04]} 23. Bxf4 {[%emt 0:00:00]} Qd5 {[%emt 0:00:01]} 24. Qxb2 {[%emt 0:00:15]} Qxg2 {[%emt 0:00:09]} 25. Ka1 {[%emt 0:00:04]} Rd8 {[%emt 0:00:06]} 26. Be4 {[%emt 0:00:08]} Qg4 {[%emt 0:00:06]} 27. Bc7 {[%emt 0:00:07]} Rc8 {[%emt 0:00:06]} 28. Bd6 {[%emt 0:00:02]} Rd8 {[%emt 0:00:17]} 29. Bc7 {[%emt 0:00:03]} Rc8 {[%emt 0:00:01]} 30. Bd6 {[%emt 0:00:01]} Rd8 {[%emt 0:00:10]} 31. Bc7 {[%emt 0:00:06] Threefold Rep} 1/2-1/2

[Event "TOP 16 - Final A"]
[Site "TOP16-Final-A"]
[Date "2021.01.16"]
[Round "1"]
[White "SebyFischer57"]
[Black "Christian Bauer"]
[Result "1/2-1/2"]
[WhiteElo "1963"]
[BlackElo "2487"]
[Annotator "NA RC"]
[PlyCount "102"]
[EventDate "2021.01.16"]
[EventType "blitz"]

1. Nf3 {[%emt 0:00:01]} c5 {[%emt 0:00:01]} 2. c4 {[%emt 0:00:02]} Nc6 {[%emt 0:00:01]} 3. g3 {[%emt 0:00:01]} g6 {[%emt 0:00:01]} 4. Bg2 {[%emt 0:00:01]} Bg7 {[%emt 0:00:01]} 5. O-O {[%emt 0:00:01]} b6 {[%emt 0:00:04]} 6. Nc3 {[%emt 0:00:02]} Bb7 {[%emt 0:00:02]} 7. e3 {[%emt 0:00:01]} Bxc3 {[%emt 0:00:02]} 8. dxc3 {[%emt 0:00:08]} d6 {[%emt 0:00:01]} 9. e4 {[%emt 0:00:08]} Qc7 {[%emt 0:00:03]} 10. Re1 {[%emt 0:00:07]} e5 {[%emt 0:00:21]} 11. Nd2 {[%emt 0:00:21]} h5 {[%emt 0:00:45]} 12. h4 {[%emt 0:00:18]} O-O-O {[%emt 0:00:23]} 13. Nf1 {[%emt 0:00:03]} Nce7 {[%emt 0:00:12]} 14. a4 {[%emt 0:00:55]} a5 {[%emt 0:00:02]} 15. Qd3 {[%emt 0:00:57]} Kb8 {[%emt 0:00:23]} 16. Bd2 {[%emt 0:00:07]} Nc6 {[%emt 0:01:37]} 17. Ne3 {[%emt 0:00:32]} Nge7 {[%emt 0:00:02]} 18. Nd5 {[%emt 0:00:10]} Nxd5 {[%emt 0:00:02]} 19. cxd5 {[%emt 0:00:00]} Ne7 {[%emt 0:00:21]} 20. b4 {[%emt 0:00:28]} f6 {[%emt 0:00:32]} 21. bxa5 {[%emt 0:00:22]} bxa5 {[%emt 0:00:02]} 22. Rab1 {[%emt 0:00:07]} Ka7 {[%emt 0:00:18]} 23. Bf1 {[%emt 0:00:30]} f5 {[%emt 0:00:08]} 24. Qb5 {[%emt 0:00:06]} Rb8 {[%emt 0:00:35]} 25. c4 {[%emt 0:00:12]} Ba6 {[%emt 0:01:25]} 26. Qxa5 {[%emt 0:00:02]} Qxa5 {[%emt 0:00:03]} 27. Bxa5 {[%emt 0:00:00]} Rxb1 {[%emt 0:00:13]} 28. Rxb1 {[%emt 0:00:01]} fxe4 {[%emt 0:00:01]} 29. Bb6+ {[%emt 0:00:22]} Ka8 {[%emt 0:00:02]} 30. Bc7 {[%emt 0:00:10]} Nf5 {[%emt 0:00:03]} 31. Bxd6 {[%emt 0:00:33]} Nxd6 {[%emt 0:00:34]} 32. Rb6 {[%emt 0:00:02]} Bxc4 {[%emt 0:00:01]} 33. Rxd6 {[%emt 0:00:02]} Bd3 {[%emt 0:00:07]} 34. Rc6 {[%emt 0:01:18]} c4 {[%emt 0:00:01]} 35. Bh3 {[%emt 0:00:07]} Rd8 {[%emt 0:00:02]} 36. Be6 {[%emt 0:00:26]} Kb7 {[%emt 0:00:01]} 37. Rc5 {[%emt 0:00:01]} Kb6 {[%emt 0:00:02]} 38. Rc6+ {[%emt 0:00:01]} Ka5 {[%emt 0:00:01]} 39. d6 {[%emt 0:00:03]} c3 {[%emt 0:00:03]} 40. Rxc3 {[%emt 0:00:09]} Rxd6 {[%emt 0:00:02]} 41. Rc5+ {[%emt 0:00:01]} Kxa4 {[%emt 0:00:03]} 42. Rxe5 {[%emt 0:00:00]} Kb4 {[%emt 0:00:01]} 43. Bf7 {[%emt 0:00:01]} Kc3 {[%emt 0:00:02]} 44. Re6 {[%emt 0:00:09]} Rxe6 {[%emt 0:00:17]} 45. Bxe6 {[%emt 0:00:00]} Kd2 {[%emt 0:00:02]} 46. Bf7 {[%emt 0:00:05]} e3 {[%emt 0:00:01]} 47. fxe3 {[%emt 0:00:01]} Kxe3 {[%emt 0:00:02]} 48. Kh2 {[%emt 0:00:01]} Kf3 {[%emt 0:00:03]} 49. Bd5+ {[%emt 0:00:02]} Be4 {[%emt 0:00:02]} 50. Bf7 {[%emt 0:00:01]} Kf2 {[%emt 0:00:04]} 51. Be8 {[%emt 0:00:02] Christian Bauer propose la nulle} Bf5 {[%emt 0:00:03]} 1/2-1/2

[Event "TOP 16 - Final A"]
[Site "TOP16-Final-A"]
[Date "2021.01.16"]
[Round "1"]
[White "Nikame"]
[Black "ProfTerrieux"]
[Result "0-1"]
[WhiteElo "1912"]
[BlackElo "2391"]
[Annotator "TA"]
[PlyCount "108"]
[EventDate "2021.01.16"]
[EventType "blitz"]

{[%evp 9,108,-2,-1,-1,3,-3,1,-29,0,0,5,0,0,-98,-51,-130,-127,-154,-140,-223,-133,-120,-122,-243,-235,-275,-266,-240,-257,-486,-484,-545,-484,-460,-491,-478,-470,-459,-491,-874,-866,-837,-819,-781,-709,-994,-957,-918,-759,-766,-738,-776,-540,-500,-332,-442,-453,-460,-429,-472,-472,-550,-537,-562,-556,-636,-454,-443,-428,-562,-555,-566,-555,-550,-540,-529,-460,-561,-423,-643,-642,-597,-597,-643,-634,-635,-580,-571,-484,-967,-891,-1708,-1597,-29974,-29968,-29962,-29967,-29983,-29984,-29990,-29988]} 1. d4 d5 2. Bg5 h6 3. Bh4 c5 4. dxc5 g5 5. Bg3 Bg7 6. c3 {D00: 1 d4 d5: Unusual lines.} Na6 7. e4 dxe4 8. Qxd8+ {The position is equal.} Kxd8 9. Bxa6 bxa6 10. Nd2 f5 {[#]} 11. f4 $146 (11. h3 $11) ({Predecessor:} 11. O-O-O Ke8 12. h4 Bb7 13. Ne2 f4 14. Bh2 Rc8 15. Nd4 e5 16. Nf5 Bf8 17. b4 {1-0 (46) Efimov,I (2416)-Droin,A (2289) Europe Echecs INT 2020}) 11... e5 12. fxg5 (12. fxe5 $15 e3 13. Nc4) 12... hxg5 $17 13. O-O-O Kc7 14. Bf2 (14. Ne2 $17) 14... Bb7 (14... Nf6 $19 {Threatens to win with ...Ng4.} 15. Nc4 Ng4) 15. Nc4 f4 {White must now prevent ...e3.} 16. Na5 (16. c6 $17 Bxc6 17. Bc5) 16... Nf6 $19 17. Nh3 {[#]} Rh5 18. Nxb7 Kxb7 19. Rhe1 $2 (19. Ng1 {might work better.}) 19... g4 20. Ng1 e3 21. Bxe3 fxe3 22. Kc2 Bh6 23. Ne2 Rxh2 24. Rf1 (24. Rg1 $142) 24... Rxg2 25. Rxf6 Rxe2+ 26. Kb3 {[#]} Rd2 $1 27. Rh1 {[#]} (27. Re1 Bf4) 27... Rh8 $1 28. Re6 (28. Re1 g3) 28... Bg7 29. Re1 Bf8 30. Rxe3 Bxc5 31. R3xe5 Bb6 32. Rg6 Bc7 33. Re7 Rg2 34. Rgg7 Rc8 35. Re4 g3 36. Rb4+ Ka8 37. Rc4 Kb8 38. Rb4+ {[#]} Bb6 $1 39. a4 {intending a5.} a5 40. Rb5 Rg1 41. Rbg5 Bf2 42. Rxa5 Ka8 43. Rf5 Re1 44. a5 (44. Ka2 $142) 44... Rb8+ 45. Kc4 Rxb2 46. a6 Rb8 47. Rff7 Ra1 48. Rf6 Ra3 49. Kd5 (49. Rc6 $142) 49... Rxc3 {Hoping for ...Rb5+.} 50. Rff7 Ra3 51. Rf6 Ra5+ {Black mates.} 52. Ke4 Ra4+ 53. Kf3 Bd4 54. Rf4 Ra3+ {Weighted Error Value: White=0.56/Black=0.25} 0-1

[Event "TOP 16 - Final A"]
[Site "TOP16-Final-A"]
[Date "2021.01.16"]
[Round "1"]
[White "Amiralfio"]
[Black "Adrien Demuth"]
[Result "0-1"]
[WhiteElo "1860"]
[BlackElo "2381"]
[Annotator "TA"]
[PlyCount "164"]
[EventDate "2021.01.16"]
[EventType "blitz"]

{[%evp 19,164,0,20,15,70,48,60,0,17,19,9,0,0,0,0,0,0,0,40,0,0,-31,52,3,73,68,70,65,78,71,208,214,214,213,212,204,245,111,119,111,129,129,127,113,128,100,115,75,75,77,77,22,126,77,91,85,135,106,143,61,56,0,0,0,0,0,2,2,2,2,2,0,0,0,1,0,0,0,0,-8,-8,-12,-12,-33,-33,-33,-33,-33,-33,-33,-33,-33,-33,-33,-8,-8,-8,-8,-8,-8,-8,-8,-8,-8,-8,-8,0,0,0,-8,-8,-8,-8,-22,-8,-8,-8,-8,-8,-8,-8,-8,-8,-8,-8,-8,-8,-8,0,-8,-8,-8,-8,-8,-8,-8,-8,-8,-8,-8,-8,-8,-8,-8,-8,-8,-8]} 1. d4 Nf6 2. c4 g6 3. Nc3 d5 4. cxd5 Nxd5 5. e4 Nxc3 6. bxc3 Bg7 7. Nf3 c5 8. Be3 Qa5 9. Qd2 O-O 10. Rb1 a6 11. Rc1 {D85: Exchange Grünfeld: Unusual White 7th moves and lines with 7 Nf3.} cxd4 (11... b5 $11) 12. cxd4 $14 Qxd2+ 13. Kxd2 (13. Nxd2 $14 Nc6 14. d5) 13... e6 14. Bd3 Nc6 15. Ke2 Rd8 {[%cal Rc6d4]} 16. Rc4 Bd7 17. Rhc1 Be8 {[#]} 18. h4 $146 ({Predecessor:} 18. Bg5 f6 19. Be3 Bf8 20. R4c3 Bd7 21. g4 Bd6 22. h4 Rac8 23. h5 gxh5 24. gxh5 Nb4 25. Bh6 Rxc3 26. Rg1+ Kh8 {½-½ (26) Sanchez Rodenas,J (2355)-Benlloch Guirau,A (2429) ICCF email 2016}) 18... h5 19. e5 Bf8 20. Be4 Rab8 (20... Nb4 $15 21. Rc7 (21. Bxb7 Nxa2 22. R1c2 Nb4 $15) 21... Bb5+ 22. Kd1 Nxa2) 21. Ke1 Nb4 (21... Bd7 $11 {keeps the balance.}) 22. Bg5 $16 b5 $1 {[%cal Rb5c4]} 23. Rc7 $36 {[%mdl 2048] White has some pressure.} Nxa2 24. Ra1 Nb4 (24... Bb4+ $16 {was necessary.} 25. Bd2 Bxd2+ 26. Kxd2 Nb4) 25. Bxd8 $18 Rxd8 26. Ke2 Bh6 27. Bb7 Rb8 28. Rc8 Rxb7 $16 29. Rxe8+ Kg7 30. Rc8 Ra7 31. Rc5 {And now Rxb5! would win.} Nd5 32. g3 b4 33. Kd3 b3 34. Rb1 Rb7 35. Ra5 ({Better is} 35. Nd2 $16) 35... Rb6 (35... b2 $11 36. Nd2 Nb4+ 37. Ke2 Nd5) 36. Nd2 Bxd2 37. Kxd2 {[%mdl 4096] Endgame KRR-KRN} g5 38. Ra3 b2 39. Ra2 (39. hxg5 $16 {aiming for Rf3.} Rb4 40. Kc2 (40. Rxa6 Rxd4+ 41. Kc2 Re4 $16)) 39... Rb4 $14 40. Rbxb2 (40. hxg5 $14 Rxd4+ 41. Kc2) 40... Rxd4+ $11 {[%mdl 64] [#] Double Attack} 41. Ke1 Nb4 42. Rd2 Re4+ 43. Re2 Rc4 44. Ra5 gxh4 45. gxh4 Rxh4 46. Kf1 Nd5 {With the idea ...Nf4.} 47. Rd2 Rh1+ 48. Kg2 Re1 49. Rdxd5 exd5 50. Rxd5 {KR-KR} Kg6 51. Rd6+ Kf5 52. Rxa6 Rxe5 53. Rh6 Kg5 54. Ra6 Rb5 55. Kg3 Rb3+ 56. Kg2 h4 57. Ra5+ {The position is equal.} f5 58. Ra4 h3+ 59. Kg1 f4 60. Ra8 Kg4 61. Kh2 Rb2 62. Kg1 Kf3 63. Ra3+ Kg4 64. Ra8 Rc2 65. Ra7 Rc3 66. Rh7 Rc1+ 67. Kh2 Rf1 (67... Rc2 {is interesting.} 68. Rxh3 Rxf2+ 69. Kg1 Rc2 70. Ra3 Rc1+) 68. Rxh3 Rxf2+ 69. Kg1 Rf3 (69... Re2 {keeps more tension.} 70. Ra3 Rb2 71. Kf1 Rb1+ 72. Kg2 Rb7) 70. Rh8 Ra3 71. Rf8 Ra1+ (71... Kg3 {seems wilder.} 72. Rg8+ Kf3 73. Rf8 Re3 74. Ra8 Rc3) 72. Kg2 Ra2+ 73. Kg1 Kg3 {[%cal Ra2a1] [#]} (73... Kf3 {is more complex.} 74. Rf7 Ra6 75. Kh2 Ra4 76. Rb7 Ra2+) 74. Kf1 Kf3 {[%cal Ra2a1]} (74... Rf2+ {feels hotter.} 75. Kg1 Rg2+ 76. Kf1 Rc2 77. Rg8+ Kf3) 75. Kg1 $1 Ra1+ 76. Kh2 Re1 77. Rf7 Rf1 78. Ra7 Rf2+ 79. Kg1 {Hoping for Ra3+.} Re2 80. Ra3+ $1 Re3 81. Ra8 $1 Re1+ 82. Kh2 Kf2 {[%mdl 32768] Black escapes into a draw.  Weighted Error Value: White=0.16/Black=0.17. Sensor Board Error (Ke4/e5)?} 0-1

[Event "TOP 16 - Final A"]
[Site "TOP16-Final-A"]
[Date "2021.01.16"]
[Round "2"]
[White "Tigran1984"]
[Black "Nikame"]
[Result "1-0"]
[WhiteElo "2823"]
[BlackElo "1907"]
[Annotator "NA RC"]
[PlyCount "63"]
[EventDate "2021.01.16"]
[EventType "blitz"]

1. e4 {[%emt 0:00:01]} c5 {[%emt 0:00:10]} 2. Nf3 {[%emt 0:00:01]} Nc6 {[%emt 0:00:01]} 3. Bb5 {[%emt 0:00:01]} Nf6 {[%emt 0:00:06]} 4. Bxc6 {[%emt 0:00:03]} dxc6 {[%emt 0:00:01]} 5. d3 {[%emt 0:00:01]} g6 {[%emt 0:00:04]} 6. h3 {[%emt 0:00:05]} Bg7 {[%emt 0:00:02]} 7. Nc3 {[%emt 0:00:01]} O-O {[%emt 0:00:03]} 8. Be3 {[%emt 0:00:01]} b6 {[%emt 0:00:01]} 9. Qd2 {[%emt 0:00:00]} Nd7 {[%emt 0:00:16]} 10. Bh6 {[%emt 0:00:06]} Qc7 {[%emt 0:00:05]} 11. h4 {[%emt 0:00:06]} Ne5 {[%emt 0:00:07]} 12. Bxg7 {[%emt 0:00:18]} Kxg7 {[%emt 0:00:11]} 13. h5 {[%emt 0:00:01]} Ng4 {[%emt 0:00:32]} 14. O-O-O {[%emt 0:00:11]} f6 {[%emt 0:00:12]} 15. hxg6 {[%emt 0:00:48]} hxg6 {[%emt 0:00:02]} 16. d4 {[%emt 0:00:01]} Be6 {[%emt 0:00:21]} 17. d5 {[%emt 0:00:40]} Bg8 {[%emt 0:00:17]} 18. Rh4 {[%emt 0:00:17]} Ne5 {[%emt 0:00:16]} 19. Nxe5 {[%emt 0:00:09]} Qxe5 {[%emt 0:00:11]} 20. Qh6+ {[%emt 0:00:04]} Kf7 {[%emt 0:00:02]} 21. f4 {[%emt 0:00:02]} Qc7 {[%emt 0:00:14]} 22. f5 {[%emt 0:00:35]} Ke8 {[%emt 0:00:32]} 23. fxg6 {[%emt 0:00:01]} Kd7 {[%emt 0:00:16]} 24. d6 {[%emt 0:00:08]} Qc8 {[%emt 0:00:24]} 25. Qg7 {[%emt 0:00:36]} Re8 {[%emt 0:00:03]} 26. Rh8 {[%emt 0:00:14]} Be6 {[%emt 0:00:20]} 27. dxe7+ {[%emt 0:00:13]} Kc7 {[%emt 0:00:02]} 28. Rd8 {[%emt 0:00:09]} Qa6 {[%emt 0:00:03]} 29. Rhxe8 {[%emt 0:00:09]} Qf1+ {[%emt 0:00:07]} 30. Nd1 {[%emt 0:00:08]} Bg4 {[%emt 0:00:04]} 31. Qh6 {[%emt 0:00:09]} Kb7 {[%emt 0:00:13]} 32. Qd2 {[%emt 0:00:06] Nikame resigns (Lag: Av=0.27s, max=0.5s)} 1-0

[Event "TOP 16 - Final A"]
[Site "TOP16-Final-A"]
[Date "2021.01.16"]
[Round "2"]
[White "Christian Bauer"]
[Black "Yvesandre2"]
[Result "0-1"]
[WhiteElo "2471"]
[BlackElo "2281"]
[Annotator "TA"]
[PlyCount "44"]
[EventDate "2021.01.16"]
[EventType "blitz"]

{[%evp 12,44,8,17,-2,-20,0,-18,0,-1,0,-26,-8,-14,0,4,19,-22,-2,-66,-38,-79,-60,-68,-64,-76,-89,-105,-86,-123,-100,-151,-162,-675,-671]} 1. d4 Nf6 2. Nf3 g6 3. g3 Bg7 4. Bg2 d5 5. c4 c6 6. Qb3 O-O 7. Nc3 Qb6 {D73: Fianchetto Grünfeld: 5 Nf3 .} 8. c5 Qa6 9. O-O {[#]} Bf5 $146 {The position is equal.} ({Predecessor:} 9... Ne4 10. Bf4 Nd7 11. Rfd1 e5 12. Nxe5 Nexc5 13. Qb4 Ne6 14. Nxd7 Bxd7 15. Bd6 Rfc8 16. e3 {½-½ (61) Vantika,A (2279)-Gluckman,P (1922) New Delhi 2018}) 10. Re1 b6 11. Bf1 {[#] Hoping for e4!} Qb7 12. a4 Nbd7 13. a5 Ne4 14. Be3 Rfb8 {[%cal Rb6c5]} 15. a6 (15. axb6 $11 axb6 16. Nxe4 Bxe4 17. cxb6) 15... Qc7 {[%cal Rb6c5]} 16. Bf4 e5 17. Nxe5 Nxe5 18. Nxe4 bxc5 ({Of course not} 18... dxe4 19. Qc3 $11) 19. Qa3 cxd4 20. Nc5 Qb6 21. Bxe5 (21. Nb7 $142) 21... Bxe5 $17 22. Nd7 $2 {[#]} (22. Nb7) 22... Bxd7 {Weighted Error Value: White=0.63/Black=0.12} 0-1

[Event "TOP 16 - Final A"]
[Site "TOP16-Final-A"]
[Date "2021.01.16"]
[Round "2"]
[White "ProfTerrieux"]
[Black "Burrito2001"]
[Result "1-0"]
[WhiteElo "2393"]
[BlackElo "2088"]
[Annotator "NA RC"]
[PlyCount "57"]
[EventDate "2021.01.16"]
[EventType "blitz"]

1. d4 {[%emt 0:00:03]} d5 {[%emt 0:00:02]} 2. Nf3 {[%emt 0:00:08]} Nf6 {[%emt 0:00:03]} 3. e3 {[%emt 0:00:02]} c6 {[%emt 0:00:52]} 4. c4 {[%emt 0:00:35]} e6 {[%emt 0:00:16]} 5. Be2 {[%emt 0:00:10]} Nbd7 {[%emt 0:00:05]} 6. O-O {[%emt 0:00:01]} dxc4 {[%emt 0:00:17]} 7. Bxc4 {[%emt 0:00:01]} b5 {[%emt 0:00:02]} 8. Bd3 {[%emt 0:00:08]} Bb7 {[%emt 0:00:04]} 9. Nc3 {[%emt 0:00:02]} a6 {[%emt 0:00:10]} 10. e4 {[%emt 0:00:16]} c5 {[%emt 0:00:21]} 11. d5 {[%emt 0:00:16]} Qc7 {[%emt 0:00:02]} 12. dxe6 {[%emt 0:00:04]} fxe6 {[%emt 0:00:02]} 13. g3 {[%emt 0:00:05]} c4 {[%emt 0:00:46]} 14. Bc2 {[%emt 0:00:02]} Nc5 {[%emt 0:00:01]} 15. Bf4 {[%emt 0:00:17]} Qb6 {[%emt 0:00:17]} 16. Qe2 {[%emt 0:00:58]} Rd8 {[%emt 0:00:41]} 17. Rad1 {[%emt 0:00:13]} Nd3 {[%emt 0:00:06]} 18. Bxd3 {[%emt 0:01:23]} cxd3 {[%emt 0:00:06]} 19. Rxd3 {[%emt 0:00:01]} Rxd3 {[%emt 0:00:03]} 20. Qxd3 {[%emt 0:00:00]} b4 {[%emt 0:00:50]} 21. Be3 {[%emt 0:00:38]} Qc7 {[%emt 0:00:57]} 22. Na4 {[%emt 0:00:26]} Bxe4 {[%emt 0:00:03]} 23. Qe2 {[%emt 0:00:01]} Qc6 {[%emt 0:01:00]} 24. Ng5 {[%emt 0:00:02]} Qxa4 {[%emt 0:00:10]} 25. Nxe4 {[%emt 0:00:12]} Nxe4 {[%emt 0:00:09]} 26. Qh5+ {[%emt 0:00:02]} Kd7 {[%emt 0:00:15]} 27. Qe5 {[%emt 0:01:11]} Nf6 {[%emt 0:00:18]} 28. Qb8 {[%emt 0:00:38]} Qc6 {[%emt 0:00:14]} 29. Rc1 {[%emt 0:00:06] Temps (Lag: Av=1.03s, max=1.7s)} 1-0